Ecrits de révolutions / (Record no. 75119)

MARC details
000 -LEADER
campo de control de longitud fija 00653nam a2200205 i 4500
001 - NÚMERO DE CONTROL
campo de control 75119
003 - IDENTIFICADOR DE NÚMERO DE CONTROL
campo de control ES-MaACL
005 - FECHA Y HORA DE LA ÚLTIMA TRANSACCIÓN
campo de control 20230906172337.0
007 - CAMPO FIJO DE DESCRIPCIÓN FÍSICA--INFORMACIÓN GENERAL
campo de control de longitud fija t|
008 - DATOS DE LONGITUD FIJA--INFORMACIÓN GENERAL
campo de control de longitud fija 040922s1922 fr ||||1| fre d
100 1# - ENTRADA PRINCIPAL--NOMBRE DE PERSONA
Nombre de persona Gor'kiï, Maksim.
9 (RLIN) 59128
245 10 - MENCIÓN DEL TÍTULO
Título Ecrits de révolutions /
Mención de responsabilidad, etc. de Máximo Gorki (seud.) ; traduit du russe par André Pierre.
260 ## - PUBLICACIÓN, DISTRIBUCIÓN, ETC.
Lugar de publicación, distribución, etc. Paris :
Nombre del editor, distribuidor, etc. Delamain Boutellean et Cie,
Fecha de publicación, distribución, etc. 1922 (
Fabricante Saint Amand Bussiere)
300 ## - DESCRIPCIÓN FÍSICA
Extensión VIII, 255 p. ;
Dimensiones 19 cm.
490 1# - MENCIÓN DE SERIE
Mención de serie Les documents du temps
700 1# - ENTRADA AGREGADA--NOMBRE PERSONAL
Nombre de persona Pierre, André.
9 (RLIN) 91954
830 0# - PUNTO DE ACCESO ADICIONAL DE SERIE-TÍTULO UNIFORME
Título uniforme Les documents du temps
9 (RLIN) 231240
852 ## - LOCALIZACIÓN
Ubicación ES-MaACL
Número de control de estantería D-1977
Holdings
Estatus retirado Estado de pérdida Estado de daño No para préstamo Biblioteca de origen Biblioteca actual Ubicación en estantería Fecha de adquisición Fuente de adquisición Total de préstamos Signatura topográfica completa Código de barras Visto por última vez Precio de reemplazo Tipo de ítem Koha
        Biblioteca del Ateneo de Madrid Biblioteca del Ateneo de Madrid Sala Valle Inclán 17/01/2008     D-1977 901078625 23/02/2023 23/02/2023 Libro impreso